| 000 | 01095nam0a22003011 4500 | ||
|---|---|---|---|
| 001 | v19\rc\1864820 | ||
| 005 | 20251118180210.7 | ||
| 035 | _a(NLR Aleph) 004957406 | ||
| 090 |
_a5947290 _c5947290 |
||
| 100 | _a20080221d1909 u y0rusy50 ca | ||
| 101 | 1 |
_arus _cger |
|
| 102 | _aRU | ||
| 105 | _aa z ||||| | ||
| 200 | 1 |
_aПроект и изготовление _eГраф. расчет времени обработки деталей машин _fИнж. К. Фольк _gПер. с нем. с примеч. и доп. Л.Л. Вельтмана |
|
| 210 |
_aСанкт-Петербург _cтип. Ю. Мансфельд _d1909 |
||
| 215 |
_aVI, 57 с., 22 черт., 2 л. табл. _d21 |
||
| 320 | _aБиблиогр.: "Литература" (с. IV) | ||
| 700 | 1 |
_aФольк _bК. _gКарл |
|
| 702 | 1 |
_aВельтман _bЛ.Л. _4730 _4212 |
|
| 801 | 0 |
_aRU _bNLR _gpsbo |
|
| 801 | 0 |
_aRU _bRuMoRGB _2psbo |
|
| 801 | 1 |
_aRU _bProSoft-M _2rusmarc |
|
| 852 |
_aNLR _j34.85.7.96 |
||
| 899 |
_aRuMoRGB _jU 51/534 |
||
| 899 |
_aRuMoRGB _jU 235/229 |
||
| 899 | _aБАН | ||
| 942 | _cBOOK | ||
| 980 | _aNB | ||